Gospodarze Zimowych Igrzysk Olimpijskich - Statystyki

Ogólne statystyki
  • Ten quiz został rozwiązany 2 317 razy
    1 970 od ostatniego zresetowania
  • Średni wynik to 10 z 23
Statystyki odpowiedzi
Lata Gospodarz % Poprawnych
2022 Pekin
76%
2014 Soczi
76%
2026 Mediolan / Cortina d'Ampezzo
69%
1952 Oslo
68%
2010 Vancouver
64%
2006 Turyn
61%
2034 Salt Lake City
60%
2002 Salt Lake City
60%
2018 Pjongczang
48%
1972 Sapporo
46%
1964, 1976 Innsbruck
44%
1984 Sarajewo
40%
1994 Lillehammer
35%
1998 Nagano
34%
1988 Calgary
29%
1936 Garmisch-Partenkirchen
26%
1924 Chamonix
25%
1932, 1980 Lake Placid
21%
1992 Albertville
20%
1928, 1948 Sankt Moritz
19%
1956 Cortina d'Ampezzo
17%
1968 Grenoble
16%
1960 Squaw Valley
11%
Nie znaleziono quizów pasujących do podanych kryteriów
Rozkład punktacji
Procent ludzi z każdym wynikiem
Percentyl według liczby udzielonych odpowiedzi
Twoja historia wyników
Nie rozwiązałeś tego quizu od ostatniego zresetowania